Rules of the High Court 1980 : (Record no. 1890)

000 -LEADER
fixed length control field nam a22 a 4500
003 - CONTROL NUMBER IDENTIFIER
control field AKMAL
005 - DATE AND TIME OF LATEST TRANSACTION
control field 20170512114214.0
008 - FIXED-LENGTH DATA ELEMENTS--GENERAL INFORMATION
fixed length control field 170512s1996 my l 00 eng d
020 ## - INTERNATIONAL STANDARD BOOK NUMBER
International Standard Book Number 9678907852:
Terms of availability RM 250.00
040 ## - CATALOGING SOURCE
Original cataloging agency AKMAL
082 ## - DEWEY DECIMAL CLASSIFICATION NUMBER
Classification number 347.595051 RUL
090 ## - LOCALLY ASSIGNED LC-TYPE CALL NUMBER (OCLC); LOCAL CALL NUMBER (RLIN)
Classification number (OCLC) (R) ; Classification number, CALL (RLIN) (NR) 347.595051
Local cutter number (OCLC) ; Book number/undivided call number, CALL (RLIN) RUL
100 ## - MAIN ENTRY--PERSONAL NAME
Personal name Vanugopal, S
9 (RLIN) 3926
245 10 - TITLE STATEMENT
Title Rules of the High Court 1980 :
Remainder of title case digest & precedents /
Statement of responsibility, etc. S. Vanugopal ; foreword by Justice Datuk Charles N.C. Ho
260 ## - PUBLICATION, DISTRIBUTION, ETC.
Place of publication, distribution, etc. Kuala Lumpur :
Name of publisher, distributor, etc. International Law Book Services,
Date of publication, distribution, etc. 1996
300 ## - PHYSICAL DESCRIPTION
Extent cxix, 415p. ;
Dimensions 25cm
650 ## - SUBJECT ADDED ENTRY--TOPICAL TERM
Topical term or geographic name entry element Court rules
Geographic subdivision Malaysia
9 (RLIN) 3920
650 ## - SUBJECT ADDED ENTRY--TOPICAL TERM
Topical term or geographic name entry element Courts
Geographic subdivision Malaysia
9 (RLIN) 3771
700 1# - ADDED ENTRY--PERSONAL NAME
Personal name Ho, Charles N. C.,
Titles and other words associated with a name Datuk
9 (RLIN) 3927
942 ## - ADDED ENTRY ELEMENTS (KOHA)
Source of classification or shelving scheme
Koha item type Book
Holdings
Withdrawn status Lost status Source of classification or shelving scheme Damaged status Not for loan Collection code Home library Current library Shelving location Date acquired Inventory number Total Checkouts Full call number Barcode Date last seen Price effective from Koha item type
          NON-FICTION AKMAL Melaka AKMAL Melaka PINJAMAN 12.05.2017 002986   347.595051 RUL 201705912 12.05.2017 12.05.2017 Book
Pusat Sumber Maklumat Dato' Haji Sarmin Md Hussin, Akademi Kastam Diraja Malaysia, Melaka
Tel: 06-2331106 | Faks: 06-2313787